ბათუმის შოთა რუსთაველის სახელმწიფო უნივერსიტეტის ბიბლიოთეკა

Основы термодинамических расчетов вентиляции икондиционирования воздуха (ბიბ.ჩანაწერი № 37387)

000 -LEADER
fixed length control field 00702nam a2200241Ia 4500
001 - CONTROL NUMBER
control field 3346
003 - CONTROL NUMBER IDENTIFIER
control field GE_BSU
008 - FIXED-LENGTH DATA ELEMENTS--GENERAL INFORMATION
fixed length control field 181216s||||||||xx |||||||||||||| ||und||
040 ## - CATALOGING SOURCE
Transcribing agency GE_BSU
080 ## - UNIVERSAL DECIMAL CLASSIFICATION NUMBER
Universal Decimal Classification number 628.23(075.8)
100 ## - MAIN ENTRY--PERSONAL NAME
Personal name Нестеренко,А.В
245 ## - TITLE STATEMENT
Title Основы термодинамических расчетов вентиляции икондиционирования воздуха
245 ## - TITLE STATEMENT
Remainder of title Учебное пособие
245 ## - TITLE STATEMENT
Statement of responsibility, etc. Ред.А.П.Мартынов
250 ## - EDITION STATEMENT
Edition statement Изд. третье.доп.
260 ## - PUBLICATION, DISTRIBUTION, ETC.
Place of publication, distribution, etc. М
260 ## - PUBLICATION, DISTRIBUTION, ETC.
Name of publisher, distributor, etc. Высш. школа
260 ## - PUBLICATION, DISTRIBUTION, ETC.
Date of publication, distribution, etc. 1971
300 ## - PHYSICAL DESCRIPTION
Extent 460стр.
300 ## - PHYSICAL DESCRIPTION
Other physical details илл.
300 ## - PHYSICAL DESCRIPTION
Dimensions 21см.
942 ## - ADDED ENTRY ELEMENTS (KOHA)
Koha item type წიგნი
ეგზემპლარები
Withdrawn status Lost status Damaged status Not for loan Date acquired Barcode Date last seen Price effective from Koha item type
        2018-12-17 9327 2018-12-17 2018-12-17 წიგნი